| 000 | 00000nam 2200000za 4500 |
| 001 | 9.688587 |
| 003 | CaOODSP |
| 005 | 20210624231509 |
| 007 | cr ||||||||||| |
| 008 | 150407s2003 onc|||||o f|0| 0 eng d |
| 040 | |aCaOODSP|beng |
| 043 | |an-cn--- |
| 086 | 1 |aSW21-50/2003E-PDF |
| 110 | 1 |aCanada. |bStatus of Women Canada. |
| 245 | 10|aWomen and men in Canada |h[electronic resource] : |ba statistical glance / |c[prepared by] Danielle Baum ... [et. al]. |
| 250 | |aSecond edition. |
| 260 | |aOttawa : |bStatus of Women Canada, |c2003. |
| 300 | |a32 p. |
| 590 | |a06-10-Supp|b2006-12-15 |
| 690 | 07|aDemographic statistics|2gcpds |
| 690 | 07|aMen|2gcpds |
| 690 | 07|aWomen|2gcpds |
| 720 | 1 |aBaum, Danielle |
| 775 | 08|tLes femmes et les homme aux Canada |w(CaOODSP)9.633010 |
| 856 | 40|ahttp://publications.gc.ca|qPDF|s264 KB|uhttps://publications.gc.ca/collections/Collection/SW21-50-2003E.pdf |